Petit Bac (Géographie) - Lettre P - Statistiques

Statistiques générales
  • Ce quiz a été pris 633 fois
  • Le résultat moyen est 9 sur 12
Statistiques - réponses
Hint Réponse % Correct
Pays d'Europe Pays-Bas / Pologne / Portugal
100%
Capitale Pyongyang / Paris / Prague / Pékin / Phom Penh / Panama +13
95%
Mer, océan ou golfe Océan Pacifique / Mer des Philippines / Golfe Persique +2
92%
Ville de plus de 5 millions d'habitants Paris / Pékin / Philadelphie / Pune
90%
Préfecture Paris / Pau / Poitiers / Perpignan / Pau / Le Puy-en-Velay +2
82%
Département français Paris / Pas-de-Calais / Puy-de-Dôme / Pyrénées-Atlantiques / Pyrénées-Orientales
80%
Pays d'Océanie Palaos / Papouasie-Nouvelle-Guinée
78%
Région française Pays de la Loire / Provence-Alpes-Côte d'Azur
78%
Ville des Etats-Unis de plus de 200 000 habitants Philadelphie / Phoenix / Pittsburgh / Portland +2
68%
États des États-Unis Pennsylvanie
66%
Région d'Italie Piémont / Pouilles
53%
Ville du Royaume Uni de plus de 50 000 habitants Plymouth / Peterborough / Portsmouth / Preston / Poole
46%
Aucun quiz correspondant
Distribution des résultats
% des personnes avec chaque résultat
Percentile par nombre de réponses
Votre historique - résultats
Vous n’avez pas pris ce quiz